[Event "IECC Swiss-487.4"]
[Site "IECC email"]
[Date "2006.05.23"]
[Round "?"]
[White "Shaw, Martin"]
[Black "Krunski, Jan Maria"]
[Result "0-1"]
[WhiteElo "1655"]
[BlackElo "1757"]
[PlyCount "22"]
[EventDate "2006.??.??"]
[EventType "swiss (corr)"]
[EventRounds "1"]
[SourceTitle "Corr 2020"]
[Source "ChessBase"]
[SourceDate "2019.09.30"]
[SourceVersion "1"]
[SourceVersionDate "2019.09.30"]
[SourceQuality "1"]
[WhiteTeam "England"]
[BlackTeam "Poland"]
[WhiteTeamCountry "ENG"]
[BlackTeamCountry "POL"]

1. d4 d5 2. Nf3 Nf6 3. e3 e6 4. Bd3 c5 5. c3 Bd6 6. 0-0 0-0 7. Nbd2 Nbd7 8. Re1 Qc7 9. e4 cxd4 10. cxd4 dxe4 11. Nxe4 Nxe4 0-1

[Event "IECC CL4-2004.12 email"]
[Site "IECC email"]
[Date "2004.07.23"]
[Round "?"]
[White "Sigrist, Alexandre"]
[Black "Shaw, Martin"]
[Result "1-0"]
[WhiteElo "1769"]
[BlackElo "1637"]
[PlyCount "33"]
[EventDate "2004.??.??"]
[EventType "tourn (corr)"]
[EventRounds "4"]
[SourceTitle "Corr 2008"]
[Source "ChessBase"]
[SourceDate "2008.06.24"]
[SourceVersion "1"]
[SourceVersionDate "2008.06.24"]
[SourceQuality "1"]

1. e4 e6 2. d4 d5 3. Nc3 Nf6 4. Bg5 Be7 5. e5 Nfd7 6. h4 Bxg5 7. hxg5 Qxg5 8. Qd3 h6 9. Nf3 Qe7 10. 0-0-0 c5 11. Nb5 Nb6 12. Nd6+ Kf8 13. dxc5 N6d7 14. Nxc8 Qxc5 15. Nd6 Nc6 16. Qb5 Qxb5 17. Bxb5 1-0

[Event "IECC CL4-2003.16 email"]
[Site "IECC email"]
[Date "2003.07.14"]
[Round "?"]
[White "Jordaan, Wayne"]
[Black "Shaw, Martin"]
[Result "1/2-1/2"]
[WhiteElo "1633"]
[BlackElo "1590"]
[PlyCount "43"]
[EventDate "2003.??.??"]
[EventType "tourn (corr)"]
[EventRounds "4"]
[SourceTitle "Corr 2008"]
[Source "ChessBase"]
[SourceDate "2008.06.24"]
[SourceVersion "1"]
[SourceVersionDate "2008.06.24"]
[SourceQuality "1"]

1. d4 d5 2. c4 e6 3. Nc3 Nf6 4. e3 Nbd7 5. Nf3 Be7 6. c5 0-0 7. Bd3 c6 8. 0-0 e5 9. Bc2 e4 10. Nd2 Ne8 11. f3 f5 12. b4 Ndf6 13. Bb3 Kh8 14. Qe2 g5 15. Bb2 g4 16. f4 Nh5 17. Rfc1 Bh4 18. Nf1 Nc7 19. a4 Qe8 20. Qd2 Qg6 21. Ne2 Be7 22. b5 1/2-1/2

[Event "IECC CL4-2003.16 email"]
[Site "IECC email"]
[Date "2003.07.14"]
[Round "?"]
[White "Shaw, Martin"]
[Black "Andersson, Paul"]
[Result "1-0"]
[WhiteElo "1584"]
[BlackElo "1696"]
[PlyCount "31"]
[EventDate "2003.??.??"]
[EventType "tourn (corr)"]
[EventRounds "4"]
[SourceTitle "Corr 2008"]
[Source "ChessBase"]
[SourceDate "2008.06.24"]
[SourceVersion "1"]
[SourceVersionDate "2008.06.24"]
[SourceQuality "1"]

1. e4 e6 2. d4 d5 3. Nc3 Bb4 4. e5 c5 5. a3 Bxc3+ 6. bxc3 Qc7 7. Nf3 Ne7 8. Bb5+ Bd7 9. a4 c4 10. Bxd7+ Qxd7 11. Qd2 Nbc6 12. Qg5 Rg8 13. Ba3 0-0-0 14. Qc1 f6 15. Bd6 Nf5 16. Bc5 1-0